Los Escritores al pie de la Eucaristía : discurso pronunciado en el XXXV Congreso Eucarístico Internacional de Barcelona el 31 de mayo de 1952 / Paul Claudel discurso pronunciado en el XXXV Congreso Eucarístico Internacional de Barcelona el 31 de mayo de 1952 / Paul Claudel
MARC
| LEADER | 00000nam a2200000Ia 4500 | ||
|---|---|---|---|
| 001 | 14749 | ||
| 008 | 160829s1968 xx 000 0 cat d | ||
| 080 | |a FU-29-28 | ||
| 100 | 1 | |a Claudel, Paul, |d 1868-1955 |9 22789 | |
| 245 | |a Los Escritores al pie de la Eucaristía : |b discurso pronunciado en el XXXV Congreso Eucarístico Internacional de Barcelona el 31 de mayo de 1952 / Paul Claudel | ||
| 260 | |a Barcelona : |b Diputación Provincial de Barcelona, |c 1968 | ||
| 300 | |a 39 p. ; |c 24 cm | ||
| 590 | |a A la portada: Edición Conmemorativa de la Exma. Diputación Provincial de Barcelona con motivo del primer centenario del nacimiento del ilustre poeta. | ||
| 590 | |a Text en castellà i francès. | ||
| 590 | |a Conté una fotografia de l'autor | ||
| 650 | |a Eucaristia |9 22790 | ||
| 710 | 1 | |a Barcelona (Catalunya : Província). |b Diputació |9 52408 | |
| 901 | |a Arxiu | ||
| 942 | |n 1 | ||
| 952 | |0 0 |1 0 |4 0 |6 FU2928 |7 1 |9 42331 |a Arxiu |b Arxiu |d 2016-12-01 |l 0 |o FU-29-28 |p 14749 |r 2016-12-01 00:00:00 |w 2016-12-01 |y ARXIU | ||
| 999 | |c 44809 |d 44809 | ||